[Event "CAN-op"]
[Site "Victoria CAN"]
[Date "2012.07.11"]
[Round "7.20"]
[White "Ummel, Igor"]
[Black "Longo, Tyler"]
[Result "1/2-1/2"]
[WhiteElo "2175"]
[BlackElo "2004"]
[PlyCount "102"]
[GameId "2160767909508262"]
[EventDate "2012.07.08"]
[EventType "swiss"]
[EventRounds "9"]
[EventCountry "CAN"]

1. e4 d5 2. exd5 Qxd5 3. Nc3 Qd6 4. d4 Nf6 5. h3 c6 6. Nf3 Nbd7 7. Bg5 Nb6 8. Qd2 Bf5 9. O-O-O Nbd5 10. Bd3 Bxd3 11. Qxd3 Nxc3 12. Qxc3 Ne4 13. Qe3 Nxg5 14. Nxg5 Qd5 15. Kb1 e6 16. Qf4 Qd7 17. Ne4 O-O-O 18. c4 Qc7 19. Qf3 Kb8 20. Rd3 g6 21. Rhd1 Bg7 22. c5 e5 23. dxe5 Rxd3 24. Qxd3 Qxe5 25. Qd6+ Ka8 26. Qxe5 Bxe5 27. Ng5 f6 28. Nf7 Rf8 29. Rd7 Kb8 30. Nxe5 fxe5 31. f3 h5 32. Kc2 Kc8 33. Rd6 g5 34. Rg6 e4 35. Rxg5 exf3 36. gxf3 h4 37. Rg4 Rxf3 38. Rxh4 b6 39. cxb6 axb6 40. Rh7 Rf2+ 41. Kb3 Rf3+ 42. Ka4 Rf2 43. Ka3 b5 44. h4 Rh2 45. Kb3 Rh3+ 46. Kb4 Rh2 47. Kc5 Rxb2 48. Kxc6 Rc2+ 49. Kxb5 Rxa2 50. Kc6 Kd8 51. Kd6 Ke8 1/2-1/2

[Event "CAN-op"]
[Site "Victoria CAN"]
[Date "2012.07.11"]
[Round "7.22"]
[White "Ozkan, Charlie"]
[Black "Chan, James"]
[Result "1/2-1/2"]
[WhiteElo "1931"]
[BlackElo "2128"]
[PlyCount "28"]
[GameId "2160767909508263"]
[EventDate "2012.07.08"]
[EventType "swiss"]
[EventRounds "9"]
[EventCountry "CAN"]

1. e4 e5 2. Nf3 Nc6 3. Bb5 a6 4. Ba4 Nf6 5. O-O Be7 6. Re1 b5 7. Bb3 d6 8. c3 O-O 9. h3 Re8 10. Ng5 Rf8 11. Nf3 Re8 12. Ng5 Rf8 13. Nf3 Re8 14. Ng5 Rf8 1/2-1/2

[Event "CAN-op"]
[Site "Victoria CAN"]
[Date "2012.07.11"]
[Round "7.23"]
[White "Molden, Leonard"]
[Black "Doubleday, William"]
[Result "0-1"]
[WhiteElo "1840"]
[BlackElo "2076"]
[PlyCount "123"]
[GameId "2160767909508264"]
[EventDate "2012.07.08"]
[EventType "swiss"]
[EventRounds "9"]
[EventCountry "CAN"]

1. d4 d5 2. Nf3 Nf6 3. e3 c5 4. b3 Nc6 5. Bb2 e6 6. a3 Bd6 7. Ne5 O-O 8. Bd3 Qc7 9. f4 Ne4 10. O-O f5 11. Nd2 cxd4 12. exd4 Nxe5 13. fxe5 Be7 14. c4 Bd7 15. Rc1 Qd8 16. Qe2 Nxd2 17. Qxd2 Bg5 18. Qe2 Bxc1 19. Bxc1 Bc6 20. c5 a6 21. b4 Qe8 22. Rf3 Bb5 23. Rg3 Bxd3 24. Qxd3 Qh5 25. Rh3 Qg4 26. Be3 Qe4 27. Bd2 h6 28. Re3 Qxd3 29. Rxd3 Rf7 30. a4 Kf8 31. Bc1 Ke7 32. Ba3 Kd7 33. Rc3 Kc6 34. Rb3 Kc7 35. Rc3 f4 36. b5 axb5 37. axb5 Ra4 38. c6 Rc4 39. Bd6+ Kb6 40. cxb7 Kxb7 41. Ra3 Kb6 42. Rb3 Rxd4 43. Kf2 Ra7 44. Rb2 Rc4 45. Kf3 h5 46. h4 g6 47. g4 fxg3 48. Kxg3 Ra5 49. Be7 Rxb5 50. Bd8+ Kc6 51. Ra2 Rb3+ 52. Kg2 Kb5 53. Ra5+ Kb4 54. Ra2 d4 55. Rd2 Kc5 56. Kf2 Kd5 57. Bf6 Ke4 58. Re2+ Re3 59. Rd2 Rf3+ 60. Kg2 d3 61. Bg5 Rc2 62. Rxc2 0-1

[Event "CAN-op"]
[Site "Victoria CAN"]
[Date "2012.07.11"]
[Round "7.24"]
[White "Raymer, Elliot"]
[Black "Kong, Dezheng"]
[Result "0-1"]
[WhiteElo "1818"]
[BlackElo "2075"]
[PlyCount "48"]
[GameId "2160767909508265"]
[EventDate "2012.07.08"]
[EventType "swiss"]
[EventRounds "9"]
[EventCountry "CAN"]

1. e4 c5 2. d4 cxd4 3. c3 dxc3 4. Nxc3 Nc6 5. Nf3 d6 6. Bc4 a6 7. O-O Nf6 8. Qe2 Bg4 9. Rd1 e6 10. Bf4 Nh5 11. Qe3 Nxf4 12. Qxf4 Bxf3 13. gxf3 Ne5 14. Be2 g5 15. Qe3 Ng6 16. Qd4 Be7 17. Qa4+ b5 18. Qb3 O-O 19. a4 bxa4 20. Qxa4 Qb6 21. b4 Bf6 22. Ra3 Bd4 23. Rf1 Nf4 24. Bxa6 Bxc3 0-1

[Event "CAN-op"]
[Site "Victoria CAN"]
[Date "2012.07.11"]
[Round "7.25"]
[White "Erichsen, Dan"]
[Black "Lindholdt, Malik"]
[Result "1/2-1/2"]
[WhiteElo "2110"]
[BlackElo "1992"]
[PlyCount "47"]
[GameId "2160767909508266"]
[EventDate "2012.07.08"]
[EventType "swiss"]
[EventRounds "9"]
[EventCountry "CAN"]

1. e4 c5 2. Nf3 d6 3. d4 cxd4 4. Nxd4 Nf6 5. Nc3 g6 6. Be3 Bg7 7. f3 O-O 8. Qd2 Nc6 9. O-O-O d5 10. Nxc6 bxc6 11. exd5 Nxd5 12. Bd4 Nxc3 13. Qxc3 Bh6+ 14. Be3 Bxe3+ 15. Qxe3 Qb6 16. Qxe7 Be6 17. Qa3 c5 18. h4 h5 19. Qc3 Rfd8 20. Bc4 Rab8 21. Rxd8+ Rxd8 22. Re1 Bxc4 23. Qxc4 Qd6 24. Qe2 1/2-1/2

[Event "CAN-op"]
[Site "Victoria CAN"]
[Date "2012.07.11"]
[Round "7.26"]
[White "Yearwood, Roy"]
[Black "Kenney, David"]
[Result "1-0"]
[WhiteElo "2106"]
[BlackElo "1978"]
[PlyCount "69"]
[GameId "2160767909508267"]
[EventDate "2012.07.08"]
[EventType "swiss"]
[EventRounds "9"]
[EventCountry "CAN"]

1. b4 d5 2. Bb2 e6 3. Nf3 Nf6 4. a3 Bd6 5. e3 O-O 6. d4 Nbd7 7. Nbd2 Re8 8. Ne5 Ne4 9. Nxe4 dxe4 10. Qg4 Nf6 11. Qh4 Qe7 12. Nc4 b6 13. Be2 Bb7 14. O-O Rac8 15. Rad1 Qd8 16. Qh3 Bf8 17. Ne5 g6 18. c4 Bg7 19. c5 Bd5 20. Ba6 Ra8 21. Bb5 Rf8 22. Nc6 Bxc6 23. Bxc6 Rb8 24. f3 exf3 25. Rxf3 Qe7 26. Rdf1 Nd5 27. e4 Nf6 28. Qh4 Nd5 29. Qf2 Nf6 30. Rxf6 Bxf6 31. Qxf6 Qxf6 32. Rxf6 bxc5 33. dxc5 Rfd8 34. Be5 Rd1+ 35. Rf1 1-0

[Event "CAN-op"]
[Site "Victoria CAN"]
[Date "2012.07.11"]
[Round "7.27"]
[White "Plotkin, Mark"]
[Black "Fiedler, Brian"]
[Result "1-0"]
[WhiteElo "1976"]
[BlackElo "2102"]
[PlyCount "97"]
[GameId "2160767909508268"]
[EventDate "2012.07.08"]
[EventType "swiss"]
[EventRounds "9"]
[EventCountry "CAN"]

1. e4 g6 2. d4 d6 3. Nc3 Bg7 4. Be3 c6 5. f3 Nd7 6. Qd2 b5 7. g4 Nb6 8. h4 h5 9. gxh5 Rxh5 10. Bd3 Nc4 11. Bxc4 bxc4 12. Nce2 Rb8 13. c3 Rhb5 14. b4 cxb3 15. axb3 Rxb3 16. Rxa7 Qb6 17. Ra2 Ba6 18. h5 Bc4 19. Rc2 gxh5 20. Rxh5 Nf6 21. Rh2 Rb1+ 22. Nc1 Kd7 23. Rg2 Bh8 24. Nh3 Nh7 25. e5 Bb3 26. Nf4 Bxc2 27. Qxc2 Qb3 28. Qf5+ Kc7 29. Nfe2 Nf8 30. exd6+ exd6 31. Kf2 Qe6 32. Qa5+ Kd7 33. Nf4 R1b2+ 34. Nce2 Qa2 35. Qf5+ Kc7 36. d5 cxd5 37. Nxd5+ Kc6 38. Nb4+ R2xb4 39. cxb4 Ne6 40. Qxf7 Rxb4 41. Qe8+ Kc7 42. Qxh8 Rb2 43. Qh7+ Kc6 44. Qd3 Qb3 45. Qe4+ Qd5 46. Qa4+ Qb5 47. Qxb5+ Rxb5 48. Rg6 Kd7 49. Rxe6 1-0

[Event "CAN-op"]
[Site "Victoria CAN"]
[Date "2012.07.11"]
[Round "7.29"]
[White "Wu, Ruining (Ray)"]
[Black "Chernik, Dmitry"]
[Result "1-0"]
[WhiteElo "1835"]
[BlackElo "2029"]
[PlyCount "111"]
[GameId "2160767909508270"]
[EventDate "2012.07.08"]
[EventType "swiss"]
[EventRounds "9"]
[EventCountry "CAN"]

1. d4 Nf6 2. c4 g6 3. g3 Bg7 4. Bg2 d5 5. cxd5 Nxd5 6. Nc3 Nxc3 7. bxc3 c6 8. Nf3 O-O 9. O-O Be6 10. Qc2 Nd7 11. Rb1 Bf5 12. e4 Be6 13. Nd2 Nb6 14. Nb3 Bc4 15. Rd1 Qc7 16. Be3 Bxb3 17. axb3 Rac8 18. c4 e5 19. d5 Rfd8 20. Bh3 Rb8 21. d6 Rxd6 22. Rxd6 Qxd6 23. c5 Qc7 24. cxb6 axb6 25. Rd1 c5 26. Qc4 Rd8 27. Rd5 Bf8 28. Qd3 Rxd5 29. Qxd5 b5 30. Bd7 c4 31. Bxb5 c3 32. Bc1 h5 33. Qd7 Qb6 34. Bc4 Qf6 35. Kg2 b6 36. Bg5 Qg7 37. Bh6 Qh7 38. Bxf8 Kxf8 39. Qd6+ Kg8 40. Qd3 g5 41. Qxc3 Qxe4+ 42. Qf3 Qg6 43. Bd3 Qd6 44. Qf5 Kf8 45. Be4 f6 46. Qg6 Qe6 47. b4 h4 48. Qf5 Qd6 49. b5 hxg3 50. hxg3 Qe7 51. Qc8+ Kf7 52. Qb7 Qxb7 53. Bxb7 f5 54. Kf3 Ke7 55. g4 e4+ 56. Ke3 1-0

[Event "CAN-op"]
[Site "Victoria CAN"]
[Date "2012.07.11"]
[Round "7.36"]
[White "McKay, Arnold"]
[Black "Bond, Robert"]
[Result "1-0"]
[WhiteElo "1830"]
[BlackElo "2106"]
[PlyCount "89"]
[GameId "2160767909508271"]
[EventDate "2012.07.08"]
[EventType "swiss"]
[EventRounds "9"]
[EventCountry "CAN"]

1. c4 Nf6 2. Nf3 g6 3. Nc3 Bg7 4. g3 d6 5. Bg2 O-O 6. O-O e5 7. d4 Nbd7 8. Re1 c6 9. Qc2 Nh5 10. dxe5 dxe5 11. e4 f5 12. exf5 gxf5 13. Bg5 Qe8 14. Rad1 e4 15. Nd4 Ne5 16. Nxe4 fxe4 17. Bxe4 Bf5 18. Bxf5 c5 19. Bxh7+ Kh8 20. Bg6 Qxg6 21. Qxg6 Nxg6 22. Ne6 Rf7 23. Nxg7 Nxg7 24. Rd8+ Rxd8 25. Bxd8 Nf5 26. Ba5 Re7 27. Rxe7 Ngxe7 28. Kg2 Nc6 29. Bc3+ Kg8 30. h4 Nd6 31. b3 Ne4 32. Be1 Nb4 33. Kf3 Nd6 34. Bxb4 cxb4 35. Ke3 Kf7 36. g4 a5 37. Kd4 Ke6 38. f4 b6 39. c5 Nb5+ 40. Kc4 Na3+ 41. Kd3 bxc5 42. h5 c4+ 43. bxc4 a4 44. h6 Kf7 45. g5 1-0

[Event "CAN-op"]
[Site "Victoria CAN"]
[Date "2012.07.11"]
[Round "7.37"]
[White "Xiao, Alice"]
[Black "Trochtchanovitch, Pavel"]
[Result "1/2-1/2"]
[WhiteElo "1821"]
[BlackElo "2014"]
[PlyCount "51"]
[GameId "2160767909508272"]
[EventDate "2012.07.08"]
[EventType "swiss"]
[EventRounds "9"]
[EventCountry "CAN"]

1. e4 e5 2. Nf3 Nc6 3. Bb5 a6 4. Ba4 Nf6 5. O-O Be7 6. Re1 b5 7. Bb3 O-O 8. d4 d6 9. c3 Bg4 10. Be3 Re8 11. Bc2 exd4 12. cxd4 Nb4 13. Bb3 c5 14. a3 Nc6 15. dxc5 Ne5 16. cxd6 Bxd6 17. Nbd2 Rc8 18. Bg5 Bc5 19. Qe2 Qb6 20. Be3 Nxf3+ 21. Nxf3 Rxe4 22. Bxc5 Qxc5 23. Qd3 Rce8 24. Rxe4 Nxe4 25. Rf1 Bxf3 26. Qxf3 1/2-1/2

[Event "CAN-op"]
[Site "Victoria CAN"]
[Date "2012.07.11"]
[Round "7.39"]
[White "North, Robert"]
[Black "Leblanc, Paul"]
[Result "1-0"]
[WhiteElo "1913"]
[BlackElo "1887"]
[PlyCount "87"]
[GameId "2160767909508273"]
[EventDate "2012.07.08"]
[EventType "swiss"]
[EventRounds "9"]
[EventCountry "CAN"]
[SourceTitle "EXT 2022"]
[Source "ChessBase"]
[SourceDate "2021.10.06"]
[SourceVersion "1"]
[SourceVersionDate "2021.10.06"]
[SourceQuality "1"]

1. d4 d5 2. c4 c6 3. Nf3 Nf6 4. e3 a6 5. Be2 b5 6. c5 Bf5 7. Nbd2 Nbd7 8. O-O e6 9. b3 h6 10. Bb2 Be7 11. Ne1 O-O 12. Bd3 Qc7 13. Qc2 Bxd3 14. Nxd3 a5 15. Rae1 a4 16. b4 Rad8 17. Ne5 Nxe5 18. dxe5 Nd7 19. f4 f6 20. Nf3 fxe5 21. fxe5 Rf7 22. Nd4 Rxf1+ 23. Rxf1 Nf8 24. Qf2 Qd7 25. h4 Rc8 26. Qf7+ Kh8 27. g3 Rc7 28. Rf4 Qc8 29. Qh5 Kh7 30. Qe2 Qe8 31. h5 Rc8 32. e4 Bg5 33. Rf1 dxe4 34. Qxe4+ Kg8 35. g4 Qd7 36. Rd1 Qd5 37. Qxd5 exd5 38. Kg2 Kf7 39. Rf1+ Kg8 40. a3 Rc7 41. Rxf8+ Kxf8 42. Ne6+ Ke7 43. Nxc7 Kd7 44. Na8 1-0

[Event "CAN-op"]
[Site "Victoria CAN"]
[Date "2012.07.11"]
[Round "7.40"]
[White "Kosinski, George"]
[Black "Lee, Brendon"]
[Result "0-1"]
[WhiteElo "1773"]
[BlackElo "1871"]
[PlyCount "104"]
[GameId "2160767909508274"]
[EventDate "2012.07.08"]
[EventType "swiss"]
[EventRounds "9"]
[EventCountry "CAN"]
[SourceTitle "EXT 2022"]
[Source "ChessBase"]
[SourceDate "2021.10.06"]
[SourceVersion "1"]
[SourceVersionDate "2021.10.06"]
[SourceQuality "1"]

1. c4 Nf6 2. Nc3 d6 3. g3 Nbd7 4. Bg2 e5 5. e4 g6 6. Nge2 Bg7 7. O-O O-O 8. d3 Nh5 9. Be3 Ndf6 10. h3 Ne8 11. g4 Nhf6 12. Ng3 c6 13. Qd2 Nc7 14. Bh6 d5 15. Bxg7 Kxg7 16. g5 Nfe8 17. f4 dxc4 18. f5 Qxd3 19. f6+ Kg8 20. Qxd3 cxd3 21. Rf3 b6 22. Rxd3 Ba6 23. Rd2 Ne6 24. h4 N8c7 25. Bf1 Nd4 26. Kf2 Bxf1 27. Rxf1 Nce6 28. Nge2 Rad8 29. Kg3 Nxe2+ 30. Rxe2 Rd3+ 31. Kg4 Rfd8 32. h5 gxh5+ 33. Kxh5 Rg3 34. Rf5 Nd4 35. Rd2 Rh3+ 36. Kg4 Rh4+ 37. Kxh4 Nxf5+ 38. exf5 Rxd2 39. Kh5 Rxb2 40. Ne4 Rh2+ 41. Kg4 Rxa2 42. Nd6 b5 43. Nc8 b4 44. Kg3 Ra3+ 45. Kg4 b3 46. g6 fxg6 47. fxg6 hxg6 48. Kg5 b2 49. Ne7+ Kf7 50. Nxg6 Rg3+ 51. Kh6 Rxg6+ 52. Kh7 b1=R 0-1

[Event "CAN-op"]
[Site "Victoria CAN"]
[Date "2012.07.11"]
[Round "7.49"]
[White "Harris, Philip"]
[Black "Dunn, Garth"]
[Result "0-1"]
[WhiteElo "1803"]
[BlackElo "1741"]
[PlyCount "80"]
[GameId "2160767909508275"]
[EventDate "2012.07.08"]
[EventType "swiss"]
[EventRounds "9"]
[EventCountry "CAN"]
[SourceTitle "EXT 2022"]
[Source "ChessBase"]
[SourceDate "2021.10.06"]
[SourceVersion "1"]
[SourceVersionDate "2021.10.06"]
[SourceQuality "1"]

1. e4 c5 2. Nf3 d6 3. Bb5+ Nc6 4. O-O Bd7 5. c3 Nf6 6. Re1 a6 7. Bf1 g6 8. Na3 Bg7 9. Nc2 O-O 10. d4 cxd4 11. cxd4 Bg4 12. h3 Bd7 13. Bf4 Nh5 14. Bh2 Rc8 15. e5 dxe5 16. dxe5 Bh8 17. Ne3 Ng7 18. Qb3 b5 19. Rad1 Ne6 20. Rd5 Qc7 21. Rc1 Qb7 22. Qa3 Bg7 23. Rdd1 Bh6 24. Qd3 Rfd8 25. Qe4 Qa7 26. Rc3 b4 27. Rc4 Nc5 28. Qh4 Bxe3 29. fxe3 Ne6 30. Qe4 Kg7 31. Rdc1 Qb6 32. b3 a5 33. h4 h6 34. Bd3 Nf8 35. Qf4 Be6 36. Be2 Bd5 37. Nd4 Ne6 38. Nxe6+ Bxe6 39. Rc5 Rd2 40. R1c2 Rxe2 0-1

[Event "CAN-op"]
[Site "Victoria CAN"]
[Date "2012.07.11"]
[Round "7.59"]
[White "Gates, David"]
[Black "Schwarz, Heiner"]
[Result "1-0"]
[WhiteElo "1705"]
[BlackElo "1622"]
[PlyCount "59"]
[GameId "2160767909508276"]
[EventDate "2012.07.08"]
[EventType "swiss"]
[EventRounds "9"]
[EventCountry "CAN"]
[SourceTitle "EXT 2022"]
[Source "ChessBase"]
[SourceDate "2021.10.06"]
[SourceVersion "1"]
[SourceVersionDate "2021.10.06"]
[SourceQuality "1"]

1. e4 e5 2. Nf3 f5 3. exf5 e4 4. Ne5 Nf6 5. Be2 Be7 6. Bh5+ Kf8 7. Nc3 d6 8. Nc4 Bxf5 9. Ne3 Qd7 10. Ncd5 g6 11. Nxf6 Bxf6 12. Nxf5 Qxf5 13. Bg4 Qe5 14. O-O Kg7 15. d3 exd3 16. Qxd3 Re8 17. c3 Nc6 18. Qf3 Qe4 19. Qh3 Re7 20. Be3 Ne5 21. Bd1 b6 22. Bh6+ Kh8 23. f4 Nf7 24. Kh1 Rae8 25. Bf3 Qe1 26. Raxe1 Rxe1 27. g4 Nxh6 28. g5 Bxg5 29. fxg5 Nf5 30. Rxe1 1-0

[Event "CAN-op"]
[Site "Victoria CAN"]
[Date "2012.07.12"]
[Round "8"]
[White "Bragg, David"]
[Black "Cao, Jason"]
[Result "1-0"]
[WhiteElo "2165"]
[BlackElo "2016"]
[PlyCount "49"]
[GameId "2160767909508277"]
[EventDate "2012.07.08"]
[EventType "swiss"]
[EventRounds "9"]
[EventCountry "CAN"]
[SourceTitle "CBM 149 Extra"]
[Source "ChessBase"]
[SourceDate "2012.08.24"]
[SourceVersion "1"]
[SourceVersionDate "2012.08.24"]
[SourceQuality "1"]

1. d4 Nf6 2. c4 g6 3. Nc3 Bg7 4. e4 d6 5. Nf3 O-O 6. Be2 Na6 7. Bg5 Qe8 8. Qd2 e5 9. dxe5 dxe5 10. O-O-O Bg4 11. h3 Bxf3 12. Bxf3 Qc6 13. b3 Nc5 14. Nd5 Rfe8 15. h4 h5 16. g4 hxg4 17. Bxf6 Bxf6 18. Bxg4 a5 19. f3 Bg7 20. Kb1 a4 21. b4 Ne6 22. h5 Nd4 23. h6 Bf8 24. Bd7 Qa6 25. Bxe8 1-0

[Event "CAN-op"]
[Site "Victoria CAN"]
[Date "2012.07.12"]
[Round "8"]
[White "Doubleday, William"]
[Black "Davies, Lucas"]
[Result "0-1"]
[WhiteElo "2064"]
[BlackElo "2174"]
[PlyCount "85"]
[GameId "2160767909508278"]
[EventDate "2012.07.08"]
[EventType "swiss"]
[EventRounds "9"]
[EventCountry "CAN"]
[SourceTitle "CBM 149 Extra"]
[Source "ChessBase"]
[SourceDate "2012.08.24"]
[SourceVersion "1"]
[SourceVersionDate "2012.08.24"]
[SourceQuality "1"]

1. d4 Nf6 2. c4 g6 3. Nc3 Bg7 4. e4 d6 5. Be2 O-O 6. Nf3 e5 7. O-O Nc6 8. d5 Ne7 9. Ne1 Nd7 10. Be3 f5 11. f3 f4 12. Bf2 g5 13. Nd3 Nf6 14. c5 Ng6 15. cxd6 cxd6 16. a4 h5 17. a5 g4 18. Nb5 g3 19. Bxa7 Ne8 20. h3 Qh4 21. Qd2 Bd7 22. Bb6 Bxb5 23. Nxe5 Nxe5 24. Bxb5 Nf6 25. Qb4 Nf7 26. Rfc1 Ne8 27. Rc2 Bf6 28. Bd7 Bd8 29. Bd4 Qe7 30. Bc8 Ng7 31. Bxb7 Rxa5 32. Rac1 Ne5 33. Rd1 Rf7 34. Bc8 Ra8 35. Qb5 Rf8 36. b4 Qe8 37. Qb7 Qa4 38. Rcc1 Rf7 39. Ra1 Rxb7 40. Rxa4 Rxc8 41. Ra6 Bc7 42. Bxe5 dxe5 43. Rc1 0-1

[Event "CAN-op"]
[Site "Victoria CAN"]
[Date "2012.07.12"]
[Round "8"]
[White "Fedorowicz, John"]
[Black "Yoos, John"]
[Result "1-0"]
[WhiteElo "2440"]
[BlackElo "2343"]
[PlyCount "151"]
[GameId "2160767909508279"]
[EventDate "2012.07.08"]
[EventType "swiss"]
[EventRounds "9"]
[EventCountry "CAN"]
[SourceTitle "CBM 149 Extra"]
[Source "ChessBase"]
[SourceDate "2012.08.24"]
[SourceVersion "1"]
[SourceVersionDate "2012.08.24"]
[SourceQuality "1"]

1. e4 c5 2. Nf3 d6 3. d4 cxd4 4. Nxd4 Nf6 5. Nc3 Nc6 6. Bg5 a6 7. Qd2 Qb6 8. Nb3 e6 9. Be2 Be7 10. Bxf6 Bxf6 11. Qxd6 Be5 12. Qd2 O-O 13. f4 Rd8 14. Bd3 Bxc3 15. bxc3 Bd7 16. Qf2 Qc7 17. O-O Rac8 18. a4 Na5 19. Nxa5 Qxa5 20. c4 e5 21. f5 Qc5 22. Rfb1 Qxf2+ 23. Kxf2 Bc6 24. a5 Rd4 25. Ke3 Rcd8 26. g4 Kf8 27. g5 Ke7 28. Rf1 f6 29. Rg1 R4d7 30. gxf6+ Kxf6 31. h4 Rc7 32. Rab1 Rd6 33. Rb6 g6 34. Rg5 Rdd7 35. Rb1 gxf5 36. Rxf5+ Ke6 37. c5 Rd4 38. Rbf1 Ra4 39. Rf6+ Ke7 40. R6f5 Ke6 41. Rh5 Rg7 42. Rff5 Rxa5 43. Rxe5+ Kd7 44. Reg5 Re7 45. e5 Ra1 46. Bxh7 a5 47. Bd3 a4 48. Rh8 Kc7 49. Ra8 Re1+ 50. Kd4 Rd7+ 51. Kc3 Re7 52. h5 Rh1 53. Bf5 Bd7 54. Bxd7 Kxd7 55. Rxa4 Kc6 56. Ra8 Kxc5 57. Ra5+ Kc6 58. Rg6+ Kd7 59. Rd5+ Kc7 60. Rc5+ Kd7 61. Rd6+ Ke8 62. h6 Kf7 63. Rf6+ Kg8 64. e6 Re8 65. Rc7 b5 66. Rg7+ Kh8 67. e7 Rxh6 68. Rxh6+ Kxg7 69. Re6 Kf7 70. Re2 Rxe7 71. Rxe7+ Kxe7 72. Kb4 Kd6 73. Kxb5 Kd7 74. Kb6 Kd8 75. c4 Kc8 76. Kc6 1-0

[Event "CAN-op"]
[Site "Victoria CAN"]
[Date "2012.07.12"]
[Round "8"]
[White "Patterson, Roger"]
[Black "Laceste, Loren"]
[Result "0-1"]
[WhiteElo "2101"]
[BlackElo "2297"]
[PlyCount "74"]
[GameId "2160767909508280"]
[EventDate "2012.07.08"]
[EventType "swiss"]
[EventRounds "9"]
[EventCountry "CAN"]
[SourceTitle "CBM 149 Extra"]
[Source "ChessBase"]
[SourceDate "2012.08.24"]
[SourceVersion "1"]
[SourceVersionDate "2012.08.24"]
[SourceQuality "1"]

1. e4 c5 2. Nf3 Nc6 3. d4 cxd4 4. Nxd4 Nf6 5. Nc3 d6 6. Bg5 e6 7. Qd2 a6 8. O-O-O Bd7 9. f4 b5 10. Bxb5 axb5 11. Ndxb5 h6 12. Bxf6 gxf6 13. Kb1 Qb8 14. Nxd6+ Bxd6 15. Qxd6 Qxd6 16. Rxd6 Ke7 17. Rhd1 Nb8 18. b3 Rc8 19. Kb2 Ra7 20. R1d2 Rac7 21. R6d3 Na6 22. Nd1 Bc6 23. Nf2 Nc5 24. Re3 Rb7 25. c4 Rcb8 26. Rde2 Na4+ 27. Kc2 Nb6 28. Nd3 Ra7 29. Kc3 Ra3 30. Nc1 Na4+ 31. Kc2 Nc5 32. Kb2 Ra7 33. a3 Na4+ 34. Ka2 Nb6 35. Rc2 Nc8 36. c5 Ra5 37. b4 Rxb4 0-1

[Event "CAN-op"]
[Site "Victoria CAN"]
[Date "2012.07.12"]
[Round "8"]
[White "Piasetski, Leon"]
[Black "Hansen, Eric"]
[Result "0-1"]
[WhiteElo "2290"]
[BlackElo "2460"]
[PlyCount "92"]
[GameId "2160767909508281"]
[EventDate "2012.07.08"]
[EventType "swiss"]
[EventRounds "9"]
[EventCountry "CAN"]
[SourceTitle "CBM 149 Extra"]
[Source "ChessBase"]
[SourceDate "2012.08.24"]
[SourceVersion "1"]
[SourceVersionDate "2012.08.24"]
[SourceQuality "1"]

1. Nf3 Nf6 2. c4 c5 3. b3 g6 4. Bb2 Bg7 5. g3 O-O 6. Bg2 d5 7. cxd5 Qxd5 8. Nc3 Qf5 9. Na4 Na6 10. Rc1 Rd8 11. O-O Qh5 12. Rc4 Ne8 13. Bxg7 Nxg7 14. Qa1 Ne6 15. e3 Rb8 16. Rh4 Qf5 17. d4 Qf6 18. dxc5 Qxa1 19. Rxa1 Nexc5 20. Rc1 b6 21. Ne5 Bb7 22. Nxc5 Nxc5 23. Rd4 f6 24. Bxb7 fxe5 25. Rxd8+ Rxd8 26. Bf3 Rd2 27. Rd1 Rb2 28. Rd8+ Kg7 29. Bd5 Rd2 30. Rg8+ Kh6 31. Bc4 Ne4 32. f4 Nf6 33. Rf8 Ng4 34. Be6 Nxe3 35. fxe5 Rg2+ 36. Kh1 Rxa2 37. Kg1 Ra5 38. Kf2 Rxe5 39. Bd7 Nd5 40. Ra8 a5 41. Rb8 Nf6 42. Bc6 Re6 43. Bb5 Ne4+ 44. Kg2 Nd2 45. Kh3 Kg7 46. Ba4 h5 0-1

[Event "CAN-op"]
[Site "Victoria CAN"]
[Date "2012.07.12"]
[Round "8"]
[White "Zierk, Steven"]
[Black "Wang, Richard"]
[Result "1-0"]
[WhiteElo "2478"]
[BlackElo "2322"]
[PlyCount "65"]
[GameId "2160767909508282"]
[EventDate "2012.07.08"]
[EventType "swiss"]
[EventRounds "9"]
[EventCountry "CAN"]
[SourceTitle "CBM 149 Extra"]
[Source "ChessBase"]
[SourceDate "2012.08.24"]
[SourceVersion "1"]
[SourceVersionDate "2012.08.24"]
[SourceQuality "1"]

1. e4 c5 2. Nf3 d6 3. d4 cxd4 4. Nxd4 Nf6 5. Nc3 g6 6. Be3 Bg7 7. f3 Nc6 8. Qd2 O-O 9. O-O-O Bd7 10. g4 Rc8 11. h4 Ne5 12. h5 Qa5 13. Nb3 Qc7 14. Be2 b5 15. Kb1 b4 16. Nd5 Nxd5 17. exd5 Rfe8 18. Bd4 a5 19. Nc1 a4 20. Rh2 a3 21. b3 Qb7 22. hxg6 fxg6 23. Ba1 Rc5 24. Nd3 Rxd5 25. Rdh1 h5 26. gxh5 Bf5 27. hxg6 e6 28. f4 Be4 29. fxe5 Bxh1 30. Qf4 Rb5 31. Qf7+ Qxf7 32. gxf7+ Kxf7 33. Bh5+ 1-0

[Event "CAN-op"]
[Site "Victoria CAN"]
[Date "2012.07.12"]
[Round "8.2"]
[White "Mikhalevski, Victor"]
[Black "Perelshteyn, Eugene"]
[Result "0-1"]
[WhiteElo "2625"]
[BlackElo "2557"]
[PlyCount "96"]
[GameId "2160767909508283"]
[EventDate "2012.07.08"]
[EventType "swiss"]
[EventRounds "9"]
[EventCountry "CAN"]

1. c4 c6 2. d4 d5 3. Nf3 Nf6 4. Nc3 a6 5. c5 Bf5 6. Bf4 Nbd7 7. e3 Nh5 8. Nh4 Nxf4 9. Nxf5 Ng6 10. Be2 e6 11. Ng3 Nh4 12. O-O g6 13. b4 Bh6 14. a4 O-O 15. b5 a5 16. e4 f5 17. e5 f4 18. Bg4 fxg3 19. Bxe6+ Kh8 20. hxg3 Nf5 21. Qd3 Qe7 22. Bxd7 Qxd7 23. Rab1 Ng7 24. bxc6 bxc6 25. Rb6 Rac8 26. Ne2 Qg4 27. Rb7 Rb8 28. Rb6 Bg5 29. Rfb1 Rbc8 30. Rb7 Ne6 31. Ra7 Bd8 32. Ra6 Rf7 33. Rb2 h5 34. Qe3 Qf5 35. f3 Kg8 36. Kf2 h4 37. Kg1 Bg5 38. Qc3 hxg3 39. Rab6 Bf4 40. R6b3 Qg5 41. Qd3 Kg7 42. Kf1 Rh8 43. Ng1 Rh1 44. Rb7 Be3 45. Rxf7+ Kxf7 46. Rb7+ Kg8 47. Rb8+ Kh7 48. Rb7+ Kh6 0-1